000 00905cam a2200229 4500
001 ABS62701
008 000000n2000 000 0 eng u
035 _a(Sirsi) u107936
100 _aChopping, A.
245 _aSpotlight on archaeological digs
260 _c2000
490 _aBuilding
_v265(8149) 11 August 2000, 56-57(2)
520 _aAdvice for construction companies on employing archaeological contractors. Following the introduction of PPG16 in 1990, the archaeological process is now seen as a key part of winning planning permission. Discusses when to get archaeological contractors involved, risk assessments, tendering, costs and attendence by contractors.
590 _aABS
650 _aARCHAEOLOGY
650 _aCONSTRUCTION SITES
650 _aRISK ASSESSMENT
650 _aCONTRACTORS
650 _aTENDERING
690 _aBUILDING AND CONSTRUCTION-PROJECTS
942 _n0
999 _c64471
_d64471